[Event "SG Turm Raesfeld/Erle 2 - Indische Dame"]
[Site "Verbandsklasse 2015/2016"]
[Date "2015.12.19"]
[Round "4.1"]
[White "Stevermüer, Rüdiger"]
[Black "Bölker, Franz"]
[Result "1-0"]
[WhiteElo "1959"]
[BlackElo "1806"]
[PlyCount "81"]
[EventDate "2015.??.??"]
[SourceDate "2015.10.31"]

1. e4 c5 2. Nc3 d6 3. Bb5+ Nd7 4. d3 a6 5. Bxd7+ Bxd7 6. f4 b5 7. Nf3 e6 8. O-O
Be7 9. Kh1 Bc6 10. Qe1 Nf6 11. Bd2 Qc7 12. e5 Nd7 13. exd6 Bxd6 14. f5 e5 15.
Ne4 f6 16. Ba5 Qb8 17. Qh4 O-O 18. Bd2 c4 19. Be3 cxd3 20. cxd3 Bxe4 21. Qxe4
Kh8 22. Rac1 Rc8 23. Rxc8+ Qxc8 24. Rc1 Qe8 25. Qb7 e4 26. dxe4 Ne5 27. Nd4 Rb8
28. Qd5 Nc4 29. Bg1 Bf4 30. Rc2 Rd8 31. Qe6 Qh5 32. b3 Re8 33. g4 Rxe6 34. gxh5
Rxe4 35. bxc4 h6 36. cxb5 axb5 37. Re2 Rxe2 38. Nxe2 Bg5 39. Kg2 Kg8 40. Kf3
Kf7 41. Ke4 1-0

[Event "SG Turm Raesfeld/Erle 2 - Indische Dame"]
[Site "Verbandsklasse 2015/2016"]
[Date "2015.12.19"]
[Round "4.3"]
[White "Knispel-Roth, Martin"]
[Black "Fasselt, Hendrik"]
[Result "1/2-1/2"]
[WhiteElo "1897"]
[BlackElo "1804"]
[PlyCount "36"]
[EventDate "2015.??.??"]
[SourceDate "2015.10.31"]

1. Nf3 d5 2. g3 Nf6 3. Bg2 g6 4. O-O Bg7 5. c4 O-O 6. cxd5 Nxd5 7. Nc3 c6 8. d4
Nd7 9. e4 N5f6 10. h3 Re8 11. e5 Nd5 12. Nxd5 cxd5 13. Bf4 Qb6 14. Qb3 Qxb3 15.
axb3 Nb6 16. Rfc1 Bd7 17. Ne1 e6 18. Bf1 Rec8 1/2-1/2

[Event "SG Turm Raesfeld/Erle 2 - Indische Dame"]
[Site "Verbandsklasse 2015/2016"]
[Date "2015.12.19"]
[Round "4.4"]
[White "Kadenbach, Wolfgang"]
[Black "Frie, Michael"]
[Result "0-1"]
[WhiteElo "1731"]
[BlackElo "1882"]
[PlyCount "60"]
[EventDate "2015.??.??"]
[SourceDate "2015.10.31"]

1. d4 Nf6 2. c4 c5 3. d5 b5 4. cxb5 a6 5. bxa6 Bxa6 6. Nc3 d6 7. g3 g6 8. Bg2
Bg7 9. Nf3 O-O 10. O-O Nbd7 11. Re1 Qb6 12. e4 Ng4 13. h3 Nge5 14. Nxe5 Nxe5
15. Na4 Qa7 16. Nc3 Nd3 17. Re3 c4 18. Ne2 Rab8 19. Rb1 Nxb2 20. Bxb2 Rxb2 21.
Rxb2 Bxb2 22. Nc3 Rb8 23. e5 dxe5 24. d6 Rd8 25. Bd5 Bxc3 26. Rxc3 Rxd6 27. Ra3
Qc5 28. Qa4 Qxd5 29. Qe8+ Kg7 30. Qxe7 Bb7 0-1

[Event "SG Turm Raesfeld/Erle 2 - Indische Dame"]
[Site "Verbandsklasse 2015/2016"]
[Date "2015.12.19"]
[Round "4.5"]
[White "Tenberge, Norbert"]
[Black "Suer, Julian"]
[Result "0-1"]
[WhiteElo "1832"]
[BlackElo "1739"]
[PlyCount "92"]
[EventDate "2015.??.??"]
[SourceDate "2015.10.31"]

1. e4 d5 2. d3 dxe4 3. dxe4 Qxd1+ 4. Kxd1 e5 5. Be3 Nf6 6. f3 Be6 7. Nd2 Nbd7
8. Bc4 Bxc4 9. Nxc4 O-O-O 10. Ke2 Ne8 11. Nh3 f6 12. Nf2 Nd6 13. Nxd6+ Bxd6 14.
Nd3 Nf8 15. g3 Ne6 16. c3 Kb8 17. Rad1 c6 18. Rd2 Bc7 19. Rhd1 Bb6 20. f4 Bxe3
21. Kxe3 exf4+ 22. gxf4 Kc7 23. f5 Ng5 24. h4 Nf7 25. Rg1 Rhg8 26. Rdg2 g6 27.
fxg6 hxg6 28. Rxg6 Rxd3+ 29. Kf4 Rxg6 30. Rxg6 Rf3+ 31. Kxf3 Ne5+ 32. Kg3 Nxg6
33. h5 Ne5 34. Kf4 Kd6 35. Kf5 Ke7 36. h6 Kf7 37. b4 Nc4 38. h7 Nd6+ 39. Kf4
Kg7 40. e5 fxe5+ 41. Kxe5 Nb5 42. a3 Nxc3 43. Kd6 Nb5+ 44. Kd7 Nxa3 45. Kc7 Nc2
46. Kxb7 Nxb4 0-1

[Event "SG Turm Raesfeld/Erle 2 - Indische Dame"]
[Site "Verbandsklasse 2015/2016"]
[Date "2015.12.19"]
[Round "4.6"]
[White "Cvetkovic, Reinhard"]
[Black "ter Veen, Michael"]
[Result "1/2-1/2"]
[WhiteElo "1706"]
[BlackElo "1755"]
[PlyCount "146"]
[EventDate "2015.??.??"]
[SourceDate "2015.10.31"]

1. e4 c5 2. Nc3 g6 3. f4 Bg7 4. Nf3 d6 5. Bc4 e6 6. O-O Ne7 7. d3 O-O 8. Bb3
Nbc6 9. a3 a6 10. Qe1 b5 11. Nd1 d5 12. c3 Qb6 13. Bc2 d4 14. g4 c4 15. Kg2 f5
16. gxf5 exf5 17. e5 Be6 18. cxd4 Rfd8 19. Be3 Nd5 20. Ng5 Nxe3+ 21. Nxe3 Nxd4
22. Bd1 cxd3 23. Nxe6 Qxe6 24. h4 Rac8 25. b4 Qc6+ 26. Bf3 Nxf3 27. Rxf3 d2 28.
Qe2 Qe4 29. Rd1 Rc2 30. Kf2 Ra2 31. Ng2 Qc4 32. Qe3 Rc2 33. Qb6 Qd4+ 34. Qxd4
Rxd4 35. Ke2 Ra2 36. Rc3 Bf8 37. Ke3 Rc4 38. Rd3 a5 39. bxa5 Ra4 40. R1xd2
R2xa3 41. Rxa3 Rxa3+ 42. Kd4 Rxa5 43. Rb2 b4 44. h5 Kf7 45. hxg6+ hxg6 46. Ne3
Ra3 47. Nd5 Rf3 48. Rc2 b3 49. Rc7+ Ke6 50. Rc6+ Kd7 51. Rxg6 b2 52. e6+ Ke8
53. Rg1 Rf2 54. Ke5 Rd2 55. Nf6+ Kd8 56. Kxf5 Rc2 57. Rd1+ Kc8 58. Rb1 Ba3 59.
Kg6 Rc1 60. Rxb2 Bxb2 61. e7 Re1 62. e8=Q+ Rxe8 63. Nxe8 Kd7 64. Kf7 Kd8 65.
Nf6 Ba1 66. Ke6 Bb2 67. Nd7 Ke8 68. Ne5 Kf8 69. Ng6+ Kg7 70. f5 Ba1 71. Ne5
Bxe5 72. Kxe5 Kf7 73. f6 Kf8 1/2-1/2

[Event "SG Turm Raesfeld/Erle 2 - Indische Dame"]
[Site "Verbandsklasse 2015/2016"]
[Date "2015.12.19"]
[Round "4.7"]
[White "Glotzbach, Thomas"]
[Black "Hoffmann, Fabian"]
[Result "0-1"]
[WhiteElo "1718"]
[BlackElo "1708"]
[PlyCount "103"]
[EventDate "2015.??.??"]
[SourceDate "2015.10.31"]

1. e4 e5 2. Nf3 Nc6 3. Bc4 Bc5 4. O-O Nf6 5. c3 Nxe4 6. d4 d5 7. dxc5 dxc4 8.
Qxd8+ Kxd8 9. Be3 f5 10. g3 h6 11. Nfd2 Nxd2 12. Rd1 Ke7 13. Rxd2 g5 14. f3 Be6
15. Na3 a6 16. Rad1 Rad8 17. Kf1 Rxd2 18. Rxd2 Rg8 19. Nc2 h5 20. Bf2 Rd8 21.
Rxd8 Nxd8 22. Ke2 Bd5 23. Ne3 Ke6 24. Nc2 Nc6 25. Be3 f4 26. Bf2 e4 27. fxe4
Bxe4 28. Nd4+ Nxd4+ 29. cxd4 f3+ 30. Ke3 Bd5 31. h4 Kf5 32. hxg5 Kxg5 33. Be1
b6 34. cxb6 cxb6 35. a3 Kf5 36. Bf2 a5 37. Be1 Ke6 38. Kf4 Kd6 39. Kg5 Bf7 40.
g4 hxg4 41. Kxg4 Bd5 42. Kf4 Kc6 43. Ke3 Kb5 44. Kd2 Ka4 45. Kc3 b5 46. Kc2 b4
47. axb4 axb4 48. Bf2 Be4+ 49. Kc1 Kb3 50. Be1 Ka2 51. Kd1 Kxb2 52. Bxb4 0-1

[Event "SG Turm Raesfeld/Erle 2 - Indische Dame"]
[Site "Verbandsklasse 2015/2016"]
[Date "2015.12.19"]
[Round "4.8"]
[White "Droste, Laurenz"]
[Black "Dittberner, Markus"]
[Result "1-0"]
[WhiteElo "1612"]
[BlackElo "1682"]
[PlyCount "81"]
[EventDate "2015.??.??"]
[SourceDate "2015.10.31"]

1. f4 c5 2. b3 Nc6 3. Bb2 d6 4. e3 Nf6 5. Bb5 Bd7 6. Nf3 a6 7. Bxc6 Bxc6 8. O-O
e6 9. d3 Be7 10. Nbd2 O-O 11. Qe1 Ne8 12. e4 d5 13. Ne5 dxe4 14. Nxc6 bxc6 15.
Nxe4 Nf6 16. Qg3 Kh8 17. Ng5 h6 18. Nf3 Rc8 19. Ne5 Kh7 20. Qf3 Qe8 21. g4 Nd5
22. c4 Nb4 23. Rf2 a5 24. a3 Na6 25. Raf1 f6 26. Qe4+ f5 27. gxf5 exf5 28. Qg2
Bf6 29. Re2 Nb8 30. Ng4 Qd8 31. Nxf6+ gxf6 32. Qh3 Qd7 33. Rf3 Na6 34. Rg3 Nc7
35. Qh5 Ne8 36. Qg6+ Kh8 37. Reg2 Qh7 38. Qh5 Rc7 39. Rg6 Ng7 40. Qh4 h5 41.
Bxf6 1-0

[Event "Südlohner SV 2 - Schach Nienberge 2"]
[Site "Verbandsklasse 2015/2016"]
[Date "2015.12.19"]
[Round "4.1"]
[White "da Costa Campos, André"]
[Black "Sparwel, Oliver"]
[Result "0-1"]
[WhiteElo "1950"]
[BlackElo "1982"]
[PlyCount "80"]
[EventDate "2015.??.??"]
[SourceDate "2015.10.31"]

1. e4 d6 2. d4 Nf6 3. Nc3 g6 4. f4 Bg7 5. Nf3 O-O 6. Bd3 Na6 7. Be3 c5 8. Bxa6
cxd4 9. Bxb7 Bxb7 10. Bxd4 e5 11. fxe5 dxe5 12. Bc5 Qxd1+ 13. Rxd1 Rfc8 14. Bd6
Nxe4 15. Nxe4 Bxe4 16. c3 f6 17. O-O Bf5 18. Ne1 Be6 19. a3 Bb3 20. Rd2 Bh6 21.
Rd3 e4 22. Rg3 Kg7 23. h4 Rc6 24. Bf4 Bxf4 25. Rxf4 Re6 26. Re3 f5 27. g4 Rf6
28. gxf5 gxf5 29. Rg3+ Rg6 30. Kf2 Rxg3 31. Kxg3 Kf6 32. Rf1 Ke5 33. Ng2 Rg8+
34. Kh3 Rd8 35. h5 Rg8 36. Ne3 Be6 37. Ng2 f4+ 38. Kh2 f3 39. Nh4 Kf4 40. Rd1
Rg4 0-1

[Event "Südlohner SV 2 - Schach Nienberge 2"]
[Site "Verbandsklasse 2015/2016"]
[Date "2015.12.19"]
[Round "4.3"]
[White "Schipke, Thorsten"]
[Black "Harbers, Gerard"]
[Result "1/2-1/2"]
[WhiteElo "1793"]
[BlackElo "1856"]
[PlyCount "51"]
[EventDate "2015.??.??"]
[SourceDate "2015.10.31"]

1. e4 e6 2. d4 d5 3. e5 c5 4. Nf3 cxd4 5. Bd3 Nc6 6. a3 Nge7 7. O-O Ng6 8. Re1
Qc7 9. Qe2 Be7 10. c3 dxc3 11. Nxc3 a6 12. g3 Bc5 13. Bxg6 hxg6 14. Bf4 Nd4 15.
Nxd4 Bxd4 16. Nxd5 Qc5 17. Nb4 Bd7 18. Rac1 Bb5 19. Qd2 Qb6 20. Bg5 a5 21. Nc2
Bc5 22. b4 axb4 23. axb4 Be7 24. Bxe7 Kxe7 25. Qg5+ Ke8 26. Qe3 1/2-1/2

[Event "Südlohner SV 2 - Schach Nienberge 2"]
[Site "Verbandsklasse 2015/2016"]
[Date "2015.12.19"]
[Round "4.4"]
[White "Telöken, Stefan"]
[Black "Van de Vyle, Jan"]
[Result "1-0"]
[WhiteElo "1770"]
[BlackElo "1756"]
[PlyCount "107"]
[EventDate "2015.??.??"]
[SourceDate "2015.10.31"]

1. c4 e5 2. g3 Nc6 3. Bg2 Bc5 4. Nc3 d6 5. Nf3 Be6 6. d3 Qd7 7. O-O a6 8. e3
Ba7 9. a3 Nge7 10. b4 O-O 11. Rb1 Nd8 12. b5 axb5 13. cxb5 Bh3 14. d4 Bxg2 15.
Kxg2 exd4 16. Nxd4 Ne6 17. Nb3 d5 18. a4 Rfd8 19. Nd4 Nxd4 20. exd4 Nf5 21. Ne2
Nd6 22. Ba3 Nc4 23. Ra1 Bb6 24. Bb4 Qf5 25. Qb1 Qe4+ 26. Qxe4 dxe4 27. Bc3 Ba5
28. Bxa5 Nxa5 29. Rac1 c6 30. Rc3 Rd7 31. Rb1 Rad8 32. b6 Rd5 33. Kf1 Kf8 34.
Ke1 g5 35. Rb4 Ke7 36. Rb1 Ra8 37. Rb4 Rad8 38. Re3 f5 39. f3 c5 40. dxc5 Rd3
41. Rxd3 exd3 42. Nd4 Kf6 43. Kd2 Ke5 44. f4+ gxf4 45. gxf4+ Kd5 46. Kxd3 Nc6
47. Rc4 Na5 48. Rc2 Rf8 49. Re2 Nc6 50. Nxc6 Kxc6 51. Kc4 Ra8 52. Re6+ Kd7 53.
Rd6+ Ke7 54. Kb5 1-0

[Event "Südlohner SV 2 - Schach Nienberge 2"]
[Site "Verbandsklasse 2015/2016"]
[Date "2015.12.19"]
[Round "4.6"]
[White "Musholt, Joachim"]
[Black "Scharlow, Siegmar"]
[Result "0-1"]
[WhiteElo "1668"]
[BlackElo "1741"]
[PlyCount "40"]
[EventDate "2015.??.??"]
[SourceDate "2015.10.31"]

1. e4 c5 2. Nf3 Nc6 3. d4 cxd4 4. Nxd4 g6 5. Nc3 Bg7 6. Be3 Nf6 7. Bc4 Qa5 8.
Nxc6 dxc6 9. O-O Qb4 10. Qd3 Ng4 11. Bd2 Ne5 12. Nd5 Qd6 13. Bb4 Nxd3 14. Bxd6
cxd5 15. Bxd5 exd6 16. cxd3 Bxb2 17. Rab1 Bd4 18. Rfc1 Bb6 19. Kf1 O-O 20. f4
Rb8 0-1

[Event "Südlohner SV 2 - Schach Nienberge 2"]
[Site "Verbandsklasse 2015/2016"]
[Date "2015.12.19"]
[Round "4.7"]
[White "Hagemann, Lars"]
[Black "Emming, Benedikt"]
[Result "1-0"]
[WhiteElo "1690"]
[BlackElo "1726"]
[PlyCount "33"]
[EventDate "2015.??.??"]
[SourceDate "2015.10.31"]

1. e4 c5 2. Nf3 Nf6 3. Nc3 e6 4. d4 d5 5. exd5 Nxd5 6. Bb5+ Bd7 7. Bxd7+ Qxd7
8. Ne5 Nxc3 9. bxc3 Qd5 10. O-O Bd6 11. Re1 O-O 12. Qg4 Re8 13. Bh6 Bf8 14. Re3
Nd7 15. Bxg7 f5 16. Qg5 Nxe5 17. Bxe5+ 1-0

[Event "Südlohner SV 2 - Schach Nienberge 2"]
[Site "Verbandsklasse 2015/2016"]
[Date "2015.12.19"]
[Round "4.8"]
[White "van de Laar, Han"]
[Black "Temmen, Norbert"]
[Result "1/2-1/2"]
[WhiteElo "1651"]
[BlackElo "1643"]
[PlyCount "41"]
[EventDate "2015.??.??"]
[SourceDate "2015.10.31"]

1. Nf3 Nf6 2. c4 g6 3. Nc3 Bg7 4. d4 d5 5. cxd5 Nxd5 6. e4 Nxc3 7. bxc3 c5 8.
Be3 O-O 9. Be2 Nc6 10. O-O cxd4 11. cxd4 Bg4 12. e5 e6 13. Qd2 Ne7 14. Rfd1 Nd5
15. h3 Bxf3 16. Bxf3 Qd7 17. Rac1 Rac8 18. g4 Rfd8 19. g5 Bf8 20. Rxc8 Rxc8 21.
Bxd5 1/2-1/2

[Event "SK Gescher 1 - SK Ochtrup 1"]
[Site "Verbandsklasse 2015/2016"]
[Date "2015.12.19"]
[Round "4.1"]
[White "Jacob, Helmut"]
[Black "Eißing, Christoph"]
[Result "1-0"]
[WhiteElo "1947"]
[BlackElo "2011"]
[PlyCount "151"]
[EventDate "2015.??.??"]
[SourceDate "2015.10.31"]

1. d4 Nf6 2. Nf3 g6 3. Bg5 Bg7 4. e3 d6 5. Be2 O-O 6. c4 Nbd7 7. Nc3 c6 8. Qc2
Qc7 9. h3 e5 10. Rd1 Re8 11. dxe5 dxe5 12. O-O a5 13. Na4 Nb6 14. Nd2 Bf5 15.
Qb3 Nxa4 16. Qxa4 Nd7 17. Qa3 Bf8 18. Qc3 Nc5 19. g4 Be6 20. b3 Bg7 21. a3 f5
22. e4 fxg4 23. hxg4 Bf7 24. Qh3 Ne6 25. Nf3 Nd4 26. Nxd4 exd4 27. Bd3 Be6 28.
f4 Qf7 29. f5 gxf5 30. gxf5 Bd7 31. Rf2 Be5 32. Rg2 Kh8 33. Kh1 Rg8 34. Rdg1 c5
35. a4 Rg7 36. Be2 Rag8 37. Bh5 Qf8 38. Rg4 Bf6 39. Bg6 Bxg5 40. Rxg5 Qe7 41.
Qh4 Rf8 42. Bh5 Rxg5 43. Rxg5 Rf6 44. Bf3 Rf7 45. Qf4 Bc6 46. Qg3 Qe8 47. Kg1
Qf8 48. Qe5+ Rg7 49. Kf2 Kg8 50. Qe6+ Qf7 51. Rxg7+ Kxg7 52. Qxf7+ Kxf7 53. Kg3
Ke7 54. Kf4 h6 55. Bg4 Be8 56. e5 b6 57. Bf3 Bd7 58. Be4 Be8 59. Bf3 Bf7 60.
Be2 h5 61. Bf3 Be8 62. Be4 Kf7 63. Kg5 Ke7 64. Bf3 d3 65. Kf4 d2 66. Ke3 h4 67.
Kxd2 h3 68. Ke3 h2 69. Kf4 Bh5 70. f6+ Kf8 71. Bc6 Kf7 72. Bd5+ Ke8 73. e6 Kd8
74. Kg3 Bd1 75. e7+ Kd7 76. Bc6+ 1-0

[Event "SK Gescher 1 - SK Ochtrup 1"]
[Site "Verbandsklasse 2015/2016"]
[Date "2015.12.19"]
[Round "4.2"]
[White "Priebs, Ludger"]
[Black "Schwietering, Ralf"]
[Result "0-1"]
[WhiteElo "1789"]
[BlackElo "1878"]
[PlyCount "78"]
[EventDate "2015.??.??"]
[SourceDate "2015.10.31"]

1. Nf3 Nf6 2. d4 g6 3. c4 Bg7 4. Nc3 O-O 5. e4 d6 6. Bg5 Bg4 7. Be2 c5 8. d5
Bxf3 9. Bxf3 Nbd7 10. Be2 Qa5 11. O-O Kh8 12. Qc2 Rfe8 13. Bd2 a6 14. a3 Qc7
15. Rae1 Nb6 16. f4 Nfd7 17. Be3 e6 18. Qd2 exd5 19. Nxd5 Nxd5 20. cxd5 Rxe4
21. Bf2 Rae8 22. Bf3 Rxe1 23. Rxe1 Rxe1+ 24. Bxe1 Qb6 25. b4 cxb4+ 26. Bf2 Bc3
27. Qe2 Qc7 28. axb4 Bxb4 29. Qb2+ Bc3 30. Bd4+ Bxd4+ 31. Qxd4+ Kg8 32. Qe4 Nf6
33. Qe3 b6 34. Qd2 a5 35. Kf1 Qc4+ 36. Ke1 Ne4 37. Qe2 Qc1+ 38. Qd1 Qe3+ 39.
Qe2 Qg1+ 0-1

[Event "SK Gescher 1 - SK Ochtrup 1"]
[Site "Verbandsklasse 2015/2016"]
[Date "2015.12.19"]
[Round "4.3"]
[White "Boshe-Plois, Stefan"]
[Black "Lanfer, Stefanie"]
[Result "0-1"]
[WhiteElo "1763"]
[BlackElo "1813"]
[PlyCount "100"]
[EventDate "2015.??.??"]
[SourceDate "2015.10.31"]

1. e4 c6 2. d4 d5 3. Nc3 dxe4 4. Nxe4 Nf6 5. Nxf6+ gxf6 6. c3 Bf5 7. Bd3 Bg6 8.
Bxg6 hxg6 9. Bf4 Qd5 10. Qf3 Nd7 11. Qxd5 cxd5 12. Nf3 Bh6 13. Bxh6 Rxh6 14.
O-O-O Nb6 15. h3 Nc4 16. Kc2 O-O-O 17. Rhe1 e6 18. Nd2 Nd6 19. a4 Rhh8 20. b3
Rhe8 21. c4 dxc4 22. bxc4 Nf5 23. Nf3 Re7 24. Re2 Red7 25. Kc3 Rc7 26. Kb4 Kb8
27. a5 Rdc8 28. Rc1 Ne7 29. Rec2 Nc6+ 30. Kb5 a6+ 31. Ka4 Rd8 32. Rd2 Ne7 33.
Kb4 Nd5+ 34. Kb3 Nf4 35. Ne1 e5 36. d5 Rxd5 37. cxd5 Rxc1 38. Nd3 Nxd3 39. Rxd3
Rc5 40. d6 Kc8 41. d7+ Kd8 42. Kb4 Rc7 43. h4 f5 44. f3 e4 45. fxe4 fxe4 46.
Rd4 f5 47. Rd6 Rc6 48. Rd2 f4 49. Re2 Re6 50. Rd2 e3 0-1

[Event "SK Gescher 1 - SK Ochtrup 1"]
[Site "Verbandsklasse 2015/2016"]
[Date "2015.12.19"]
[Round "4.4"]
[White "Iking, Bernhard"]
[Black "Holtmannspötter, Thomas"]
[Result "0-1"]
[WhiteElo "1771"]
[BlackElo "1762"]
[PlyCount "93"]
[EventDate "2015.??.??"]
[SourceDate "2015.10.31"]

1. c4 Nf6 2. Nc3 e5 3. e4 c5 4. Be2 Nc6 5. d3 Nd4 6. f4 d6 7. Nf3 Nxe2 8. Qxe2
Qc7 9. fxe5 dxe5 10. O-O Be7 11. Nb5 Qb8 12. Nxe5 Qxe5 13. Bf4 Bg4 14. Qd2 Qh5
15. Nc7+ Kd7 16. Nxa8 Rxa8 17. e5 Ng8 18. d4 cxd4 19. Qxd4+ Ke8 20. Qd5 Rc8 21.
Be3 b6 22. Rf2 Be6 23. Qb5+ Bd7 24. Qd5 Bc6 25. Qd4 Rd8 26. Qf4 g5 27. Qf5 Bd7
28. Qe4 Qg6 29. Qf3 Be6 30. Qg3 h5 31. Raf1 Nh6 32. Rf6 Bxf6 33. exf6 Bd7 34.
Qd6 Qe4 35. Bd2 Bc6 36. Qg3 Rxd2 37. Re1 Re2 38. Qb8+ Kd7 39. Rd1+ Ke6 40. Qc8+
Kxf6 41. Qh8+ Kf5 42. Rf1+ Kg4 43. Qc8+ Qe6 44. h3+ Kh4 45. Qxe6 fxe6 46. Rf6
Rxg2+ 47. Kf1 0-1

[Event "SK Gescher 1 - SK Ochtrup 1"]
[Site "Verbandsklasse 2015/2016"]
[Date "2015.12.19"]
[Round "4.5"]
[White "Moor, Daniel"]
[Black "Stein, Michael"]
[Result "1/2-1/2"]
[WhiteElo "1673"]
[BlackElo "1706"]
[PlyCount "148"]
[EventDate "2015.??.??"]
[SourceDate "2015.10.31"]

1. e4 e5 2. Nf3 Nc6 3. Bb5 a6 4. Ba4 Nf6 5. d3 b5 6. Bb3 Be7 7. h3 d6 8. Nbd2
Na5 9. O-O Nxb3 10. axb3 O-O 11. Re1 Re8 12. Nf1 c5 13. Ne3 Bf8 14. c4 Bd7 15.
Bd2 g6 16. Qc2 Bg7 17. b4 Qb6 18. bxc5 dxc5 19. Rec1 b4 20. g4 Bc6 21. Nd5 Bxd5
22. cxd5 Bf8 23. Be3 Nd7 24. Qa4 Qb5 25. Qxb5 axb5 26. Nd2 Rec8 27. Rxa8 Rxa8
28. Nb3 Ra2 29. Rc2 Kg7 30. Bxc5 Nxc5 31. Nxc5 Bxc5 32. Rxc5 Rxb2 33. Rxb5 b3
34. g5 Rb1+ 35. Kg2 b2 36. d6 Rd1 37. Rxb2 Rxd3 38. Rb5 Rxd6 39. Rxe5 Rd3 40.
Re7 Kf8 41. Ra7 Rb3 42. f3 Rb5 43. h4 Rb3 44. Kg3 Re3 45. Kf4 Re1 46. Ke5 Kg7
47. Kd6 Rd1+ 48. Ke5 Re1 49. Kf4 Rh1 50. Kg3 Rg1+ 51. Kh2 Re1 52. Ra4 Re3 53.
Kg3 Re1 54. f4 Re3+ 55. Kg4 h6 56. gxh6+ Kxh6 57. Ra7 Kg7 58. e5 Re1 59. Ra3
Rg1+ 60. Rg3 Re1 61. h5 Rh1 62. hxg6 Kxg6 63. f5+ Kg7 64. Kf4+ Kf8 65. Kg5 Rf1
66. Kf6 Rh1 67. e6 fxe6 68. Kxe6 Re1+ 69. Kf6 Rh1 70. Rb3 Rh6+ 71. Kg5 Rc6 72.
f6 Rc1 73. Rb8+ Kf7 74. Rb7+ Kf8 1/2-1/2

[Event "SK Gescher 1 - SK Ochtrup 1"]
[Site "Verbandsklasse 2015/2016"]
[Date "2015.12.19"]
[Round "4.6"]
[White "Robers, Frank"]
[Black "Schmerling, Janek"]
[Result "1-0"]
[WhiteElo "1701"]
[BlackElo "1664"]
[PlyCount "41"]
[EventDate "2015.??.??"]
[SourceDate "2015.10.31"]

1. e4 e5 2. Nf3 Nc6 3. Bc4 Nf6 4. d3 Bc5 5. c3 d6 6. O-O Bg4 7. h3 Bh5 8. Nbd2
Qd7 9. Re1 O-O-O 10. Nf1 Rhg8 11. b4 Bb6 12. a4 a5 13. Ng3 Bxf3 14. Qxf3 axb4
15. Bb5 bxc3 16. a5 Bd4 17. a6 b6 18. Qd1 c2 19. Qxc2 Bxa1 20. Bxc6 Qe6 21. a7
1-0

[Event "SK Gescher 1 - SK Ochtrup 1"]
[Site "Verbandsklasse 2015/2016"]
[Date "2015.12.19"]
[Round "4.7"]
[White "Jacob, Barbara"]
[Black "Frieske, Hilmar"]
[Result "1-0"]
[WhiteElo "1592"]
[BlackElo "1776"]
[PlyCount "109"]
[EventDate "2015.??.??"]
[SourceDate "2015.10.31"]

1. e4 d5 2. exd5 Nf6 3. Nc3 Nxd5 4. Nxd5 Qxd5 5. d4 Nc6 6. Be3 e5 7. dxe5 Qxe5
8. c3 Bc5 9. Nf3 Qe7 10. Qd2 Bg4 11. Be2 O-O 12. Bxc5 Qxc5 13. O-O Rfe8 14. h3
Rad8 15. Qf4 Bxh3 16. Bc4 Be6 17. Bxe6 Rxe6 18. Qxc7 Re7 19. Qf4 Ne5 20. Ng5
Ng6 21. Qg3 h6 22. Nf3 Re2 23. Rad1 Rde8 24. Rd2 Kh7 25. Rfd1 R2e7 26. Qg4 Re4
27. Qg3 Ne5 28. Nxe5 R4xe5 29. Qd3+ Kg8 30. Qf3 Qc7 31. g3 R5e7 32. Qf5 Qc6 33.
Qd5 Qc8 34. Kh2 Re5 35. Qf3 Rf5 36. Qg2 Rh5+ 37. Kg1 Rhe5 38. Qf1 b6 39. c4 Kh8
40. b3 Kg8 41. Qg2 Qg4 42. f3 Qc8 43. Qf1 Qc5+ 44. Kg2 Qc8 45. g4 h5 46. Rd4
hxg4 47. Rxg4 Re2+ 48. Kh1 Qc7 49. Qg1 Qe5 50. Rd5 Qf6 51. Rxg7+ Kf8 52. Rg8+
Ke7 53. Rxe8+ Kxe8 54. Qg8+ Ke7 55. Qd8+ 1-0

[Event "SK Gescher 1 - SK Ochtrup 1"]
[Site "Verbandsklasse 2015/2016"]
[Date "2015.12.19"]
[Round "4.8"]
[White "Gemsa, Michael"]
[Black "Leseberg, Detlef"]
[Result "1/2-1/2"]
[WhiteElo "1485"]
[BlackElo "1240"]
[PlyCount "85"]
[EventDate "2015.??.??"]
[SourceDate "2015.10.31"]

1. c4 c5 2. g3 g6 3. Bg2 Bg7 4. Nc3 Nc6 5. e4 Nd4 6. Nge2 Nxe2 7. Qxe2 a6 8.
O-O e6 9. d3 d6 10. Be3 Ne7 11. Qd2 O-O 12. Bh6 Nc6 13. Bxg7 Kxg7 14. Rfe1 f6
15. Re3 Nd4 16. f4 Ra7 17. g4 b6 18. Rf1 Re7 19. Bh3 h6 20. f5 g5 21. Qf2 e5
22. Bg2 Bb7 23. h4 Rh8 24. Rh3 Kg8 25. Ne2 Nxe2+ 26. Qxe2 Reh7 27. Bf3 Qe7 28.
Kf2 Bc6 29. Rfh1 Qa7 30. R1h2 Be8 31. Qe1 Qd7 32. Qh1 Qe7 33. Ke2 Bc6 34. Kd2
Qa7 35. Bd1 b5 36. hxg5 hxg5 37. Rxh7 Rxh7 38. Rxh7 Qxh7 39. Qxh7+ Kxh7 40. Kc2
Kg7 41. Kb3 b4 42. a3 a5 43. axb4 1/2-1/2

[Event "SK Königsspringer Nordwalde 1 - SC Klei"]
[Site "Verbandsklasse 2015/2016"]
[Date "2015.12.19"]
[Round "4.1"]
[White "van Dijk, Guido"]
[Black "Sandmann, Matthias"]
[Result "0-1"]
[WhiteElo "1726"]
[BlackElo "1786"]
[PlyCount "85"]
[EventDate "2015.??.??"]
[SourceDate "2015.10.31"]

1. d4 Nf6 2. Nf3 g6 3. c4 Bg7 4. Nc3 d6 5. e4 O-O 6. h3 Nbd7 7. Be2 c5 8. d5 a6
9. O-O Re8 10. Re1 e6 11. dxe6 Rxe6 12. Ng5 Re8 13. Qxd6 h6 14. Nf3 Nxe4 15.
Nxe4 Rxe4 16. Rb1 Qf6 17. Qd5 Qe7 18. Be3 Bd4 19. Bd3 Nf6 20. Bxe4 Nxd5 21.
Bxd5 Bxe3 22. Rxe3 Qd6 23. Re8+ Kg7 24. Rbe1 Rb8 25. R1e7 Be6 26. Rxb8 Qxe7 27.
Rxb7 Qd6 28. Bxe6 Qd1+ 29. Kh2 Qd6+ 30. Kg1 Qxe6 31. b3 Qe4 32. Ra7 Qb1+ 33.
Kh2 Qxa2 34. Ne5 Qxb3 35. Rxf7+ Kg8 36. Rf6 Qb2 37. Rxg6+ Kh7 38. f4 Qxe5 39.
Rxh6+ Kxh6 40. fxe5 a5 41. g4 a4 42. h4 a3 43. h5 0-1

[Event "SK Königsspringer Nordwalde 1 - SC Klei"]
[Site "Verbandsklasse 2015/2016"]
[Date "2015.12.19"]
[Round "4.2"]
[White "Lerke, Bernd"]
[Black "Ratert, Matthias"]
[Result "1-0"]
[WhiteElo "1869"]
[BlackElo "1826"]
[PlyCount "79"]
[EventDate "2015.??.??"]
[SourceDate "2015.10.31"]

1. Nf3 c5 2. e4 g6 3. c3 d5 4. exd5 Qxd5 5. Bb5+ Bd7 6. Bxd7+ Nxd7 7. O-O Bg7
8. Re1 e6 9. d4 Ne7 10. Bg5 cxd4 11. Bxe7 Kxe7 12. cxd4 Nb6 13. Nc3 Qd7 14. Qb3
Rhd8 15. Rad1 Kf8 16. Ne5 Qd6 17. Ne4 Qd5 18. Qf3 f5 19. Ng5 Bxe5 20. Rxe5 Qxf3
21. Nxe6+ Kg8 22. gxf3 Rdc8 23. Nc5 Nc4 24. Re2 b6 25. Ne6 Nd6 26. d5 h6 27. h4
Kf7 28. Nf4 g5 29. Re6 Rd8 30. Nd3 Nc4 31. Ne5+ Nxe5 32. Rxe5 Kf6 33. Re6+ Kg7
34. h5 Rd7 35. Rg6+ Kh7 36. Rf6 f4 37. Kg2 Rc8 38. Rd2 Rdc7 39. d6 Rc2 40. d7
1-0

[Event "SK Königsspringer Nordwalde 1 - SC Klei"]
[Site "Verbandsklasse 2015/2016"]
[Date "2015.12.19"]
[Round "4.3"]
[White "Hauk, Viktor"]
[Black "Wetterau, Georg"]
[Result "1-0"]
[WhiteElo "1772"]
[BlackElo "1815"]
[PlyCount "65"]
[EventDate "2015.??.??"]
[SourceDate "2015.10.31"]

1. d4 Nf6 2. c4 g6 3. Nc3 Bg7 4. e4 O-O 5. Nf3 d6 6. Be2 Nc6 7. d5 Nb8 8. O-O
e5 9. Bg5 h6 10. Bh4 g5 11. Bg3 Nh5 12. Nd2 Nxg3 13. fxg3 a5 14. Bg4 Bxg4 15.
Qxg4 Nd7 16. Qe2 Nf6 17. Rf5 c6 18. Raf1 Qb6+ 19. Kh1 Qxb2 20. Nd1 Qxa2 21.
Rxf6 Bxf6 22. Rxf6 Kg7 23. Rf1 f5 24. exf5 Rf6 25. Nc3 Qc2 26. Nce4 Raf8 27.
Nxf6 Rxf6 28. g4 h5 29. Qe3 hxg4 30. Ne4 Rxf5 31. Rxf5 Qb1+ 32. Qg1 Qxe4 33.
Qf1 1-0

[Event "SK Königsspringer Nordwalde 1 - SC Klei"]
[Site "Verbandsklasse 2015/2016"]
[Date "2015.12.19"]
[Round "4.5"]
[White "Miethe, Christoph"]
[Black "Holstegge, Ludger"]
[Result "0-1"]
[WhiteElo "1712"]
[BlackElo "1819"]
[PlyCount "44"]
[EventDate "2015.??.??"]
[SourceDate "2015.10.31"]

1. e4 g6 2. d4 Bg7 3. Nc3 d6 4. f4 e6 5. Nf3 Ne7 6. Bd3 Nbc6 7. e5 Nb4 8. O-O
Nxd3 9. Qxd3 O-O 10. exd6 Qxd6 11. Ne4 Qb6 12. c3 Bd7 13. Ne5 Bb5 14. c4 Bc6
15. Kh1 Rfd8 16. Be3 Nf5 17. Nxc6 Qxc6 18. Rad1 Bxd4 19. Bxd4 Rxd4 20. Nf6+ Kg7
21. Qc3 Qxc4 22. Nd7 Rd8 0-1